Who is the champion ?

Bibliographic Details
Main Author: Kelembai
Format: Book
Published: Selangor : Eddiplex , 2005
Series:Tales of the wise kancil
Subjects:

MARC

LEADER 00000cam a2200000 7i4500
001 0000003675
005 20220105103949.0
008 070719
020 |a 9838806595(set) 
020 |a 9838806617 
090 0 0 |a JP   |b ANM ENG (4614) 
100 0 |a Kelembai 
245 1 0 |a Who is the champion ?   |c Kelembai 
260 |a Selangor :   |b Eddiplex ,   |c 2005 
440 |a Tales of the wise kancil 
500 |a Children age 4-6 years old (yellow) 
650 0 |a Animals   |x Fiction 
999 |a 0000963413   |b Book   |c Children Collection   |e Cawangan Sri Merlong 
999 |a 0000963414   |b Book   |c Children Collection   |e Perbadanan Perpustakaan Awam Johor 
999 |a 0000963415   |b Book   |c Children Collection   |e Perbadanan Perpustakaan Awam Johor 
999 |a 0000976032   |b Book   |c Children Collection   |e Cawangan Taman Universiti 
999 |a 0000976033   |b Book   |c Children Collection   |e Cawangan Pontian 
999 |a 0001053451   |b Book   |c Children Collection   |e Cawangan Bukit Gambir 
999 |a 0001053452   |b Book   |c Children Collection   |e Cawangan Tangkak